| 000 | 00509nam a2200193 a 4500 | ||
|---|---|---|---|
| 001 | 1768117516148 | ||
| 003 | YourLibrary | ||
| 005 | 20260112125815.0 | ||
| 008 | 260111s2007##################000#0#eng## | ||
| 020 | _a9780415359665 | ||
| 082 | 0 | 4 |
_a302.23 _bCOY |
| 100 | 1 |
_aCoyer, Kate, _eauthor. |
|
| 245 | 1 | 0 | _aThe Alternative Media Handbook : |
| 260 |
_bTaylor & Francis, _c2007. |
||
| 300 | _a352 pages | ||
| 650 | 0 | _aBusiness & Economics. | |
| 942 | _cENGLISH | ||
| 040 |
_aYourLibrary _beng _cYourLibrary |
||
| 999 |
_c608305 _d608305 |
||